Physical Education/ (Record no. 190568)

MARC details
000 -LEADER
fixed length control field 00661nam a22002057a 4500
005 - DATE AND TIME OF LATEST TRANSACTION
control field 20220727164738.0
010 ## - LCCN (DPL NO)
LC control number ENG-134067
020 ## - INTERNATIONAL STANDARD BOOK NUMBER
International Standard Book Number 9788189983437
Terms of availability 300.00
035 ## - SYSTEM CONTROL NUMBER
System control number EN-117599
037 ## - SOURCE OF ACQUISITION
Source of stock number/acquisition DBAD/PUB
082 ## - DEWEY DECIMAL CLASSIFICATION NUMBER
Classification number 796
100 ## - MAIN ENTRY--PERSONAL NAME
Personal name Balayan, Parvinder
245 ## - TITLE STATEMENT
Title Physical Education/
Statement of responsibility, etc Parvinder Balayan, Arun Kumar Tyagi and Daisy Rani
260 ## - PUBLICATION, DISTRIBUTION, ETC. (IMPRINT)
Place of publication, distribution, etc New Delhi
Name of publisher, distributor, etc KSK Publishers & Distributors
Date of publication, distribution, etc 2011
270 ## - ADDRESS
Address 7/26, Basement, Ansari Road, Darya Ganj
City New Delhi
Postal code 110002
Electronic mail address khelsahityal@rediffmail.com
300 ## - PHYSICAL DESCRIPTION
Extent 152p.
Dimensions 22cm(hb)
700 ## - ADDED ENTRY--PERSONAL NAME
Personal name Tyagi, Arun Kumar
700 ## - ADDED ENTRY--PERSONAL NAME
Personal name Rani, Daisy
942 ## - ADDED ENTRY ELEMENTS (KOHA)
Source of classification or shelving scheme Dewey Decimal Classification
Item type English Books
Classification part 796
Call number suffix BAL
Holdings
Withdrawn status Lost status Not for loan Collection code Home library Current library Date acquired Source of acquisition Cost, normal purchase price Full call number Barcode Copy number Cost, replacement price Koha item type
      Non-fiction Bawana Bawana 27/07/2022 DBAD/PUB 300.00 796 BAL EN-117599 1 300.00 English Books

© Delhi Public Library
Hit Counter
free hit counter